| 000 | 00797cam a2200241 a 4500 | ||
|---|---|---|---|
| 001 | 238 | ||
| 003 | BR-CuiBMT | ||
| 005 | 20231117224504.0 | ||
| 008 | 230905s2012 mgba 000 0 por d | ||
| 020 | _a9788577005604 | ||
| 040 |
_aBR-CuiBMT _cBR-CuiBMT |
||
| 080 |
_22007 _a342 |
||
| 090 |
_a342 _bF475d |
||
| 100 | 1 | _aFigueiredo, Marcelo | |
| 245 | 1 | 0 |
_aDireito constitucional : _bestudos interdisciplinares sobre federalismo, democracia e administração pública / _cMarcelo Figueiredo ; prefácio Francisco Rezek. |
| 260 |
_aBelo Horizonte : _bFórum, _c2012. |
||
| 300 |
_a407 p. : _bil. ; _c24 cm |
||
| 504 | _aInclui bibliografia. | ||
| 650 |
_aDireito constitucional _zBrasil |
||
| 650 |
_aDireito administrativo _zBrasil |
||
| 650 |
_aAdministração pública _zBrasil |
||
| 942 |
_2udc _cLV |
||
| 999 |
_c238 _d238 |
||